|
|
|
|
| LEADER |
01219nam a2200313 a 4500 |
| 001 |
c000159681 |
| 003 |
CARM |
| 005 |
19890411000000.0 |
| 008 |
980710s1979 nyua b 000 0 eng |
| 010 |
|
|
|a 78071707 //r83
|
| 019 |
1 |
|
|a 1468728
|5 LACONCORD2021
|
| 035 |
|
|
|a (OCoLC)4989076
|5 LACONCORD2021
|
| 040 |
|
|
|a LC
|b eng
|c LC
|d ANL
|
| 043 |
|
|
|a n-us---
|
| 050 |
0 |
0 |
|a HF5616.U5
|b C87
|
| 082 |
0 |
4 |
|a 657/.0973
|
| 245 |
0 |
0 |
|a Current problems in the accounting profession /
|c edited by James A. Cashin, Dorothea E. Meyer.
|
| 260 |
|
|
|a Hempstead, N.Y. :
|b Hofstra University,
|c 1979.
|
| 300 |
|
|
|a xii, 369 p. :
|b ill. ;
|c 28 cm.
|
| 490 |
1 |
|
|a Hofstra University yearbook of business ; ser. 13, v. 3.
|
| 504 |
|
|
|a Bibliography: p. 368-369.
|
| 650 |
|
0 |
|a Accounting
|z United States.
|
| 650 |
|
0 |
|a Accountants
|z United States.
|
| 700 |
1 |
|
|a Cashin, James A.
|
| 700 |
1 |
|
|a Meyer, Dorothea E.
|
| 810 |
2 |
|
|a Hofstra University.
|t Hofstra University yearbook of business ;
|v ser. 13, v. 3.
|
| 852 |
8 |
|
|b CARM
|h A2:AL29D4
|i D05629
|p 0210279
|f BK
|
| 999 |
f |
f |
|i 5b4a6de4-cb5f-54dd-8b52-16523a4d0390
|s 8786a90d-45d9-5968-84d1-8bc61bdef79d
|
| 952 |
f |
f |
|p Can circulate
|a CAVAL
|b CAVAL
|c CAVAL
|d CARM 1 Store
|e D05629
|f A2:AL29D4
|h Other scheme
|i book
|m 0210279
|